| 000 | 00788nam a2200277Ia 4500 | ||
|---|---|---|---|
| 003 | OSt | ||
| 005 | 20220928130257.0 | ||
| 006 | a|||||r|||| 00| 0 | ||
| 007 | ta | ||
| 008 | 220927b |||||||| |||| 00| 0 eng d | ||
| 020 | _c4220.25 | ||
| 024 | _a116449 | ||
| 037 |
_b4, 06/09/2012, Aviva Books Company _cTextual |
||
| 040 |
_aSDCL _cSDCL _beng |
||
| 041 |
_2eng _aeng |
||
| 082 | _aSM, Q2 | ||
| 100 |
_aMyers Anne _9473386 |
||
| 245 | 0 | _aExperimental psychology. | |
| 250 | _a7th | ||
| 260 |
_aUSA _bWadsworth Cengage Learning _c2012 |
||
| 300 |
_axx,613p _ccm. |
||
| 650 | _aPsychology | ||
| 700 |
_a Hansen Christine H. _9473387 |
||
| 942 |
_hSM, Q2 _cTEXL _2CC |
||
| 999 |
_c785891 _d785891 |
||